Introductio diagonostic microbiology/ (Record no. 14396)
[ view plain ]
| 000 -LEADER | |
|---|---|
| fixed length control field | 00763nam a22002177a 4500 |
| 008 - FIXED-LENGTH DATA ELEMENTS--GENERAL INFORMATION | |
| fixed length control field | 160930b xxu||||| |||| 00| 0 eng d |
| 020 ## - INTERNATIONAL STANDARD BOOK NUMBER | |
| International Standard Book Number | 0397512155 |
| 020 ## - INTERNATIONAL STANDARD BOOK NUMBER | |
| International Standard Book Number | 9780397512157 |
| 050 ## - LIBRARY OF CONGRESS CALL NUMBER | |
| Classification number | QR 67 |
| Item number | .I58 1994 |
| 100 ## - MAIN ENTRY--PERSONAL NAME | |
| Personal name | Konman, Elmer W. |
| 245 ## - TITLE STATEMENT | |
| Title | Introductio diagonostic microbiology/ |
| Statement of responsibility, etc. | Elmer W. Koneman, Stephen D. Allen, William M. Janda, Paul C. Schreckenberger and Washington C. Winn. |
| 260 ## - PUBLICATION, DISTRIBUTION, ETC. (IMPRINT) | |
| Place of publication, distribution, etc. | Philaphedia : |
| Name of publisher, distributor, etc. | Lippincott Company, |
| Date of publication, distribution, etc. | c1994. |
| 300 ## - PHYSICAL DESCRIPTION | |
| Extent | xiii, 527p. : |
| Other physical details | ill. ; |
| Dimensions | 26cm. |
| 500 ## - GENERAL NOTE | |
| General note | Include index,. |
| 650 ## - SUBJECT ADDED ENTRY--TOPICAL TERM | |
| Source of heading or term | Microbiology. |
| 700 ## - ADDED ENTRY--PERSONAL NAME | |
| Personal name | Allen, Stephen D. |
| 700 ## - ADDED ENTRY--PERSONAL NAME | |
| Personal name | Janda, William M. |
| 700 ## - ADDED ENTRY--PERSONAL NAME | |
| Personal name | Schreckenberger, Paul C. |
| 700 ## - ADDED ENTRY--PERSONAL NAME | |
| Personal name | Winn, Washington C. |
| 942 ## - ADDED ENTRY ELEMENTS (KOHA) | |
| Source of classification or shelving scheme | |
| Koha item type | Hard Covered Materials |
| Classification part | QA 67 .I58 1994 |
| Withdrawn status | Lost status | Source of classification or shelving scheme | Damaged status | Not for loan | Home library | Current library | Shelving location | Date acquired | Source of acquisition | Total Checkouts | Full call number | Barcode | Date last seen | Price effective from | Koha item type |
|---|---|---|---|---|---|---|---|---|---|---|---|---|---|---|---|
| MACHAKOS UNIVERSITY LIBRARY | MACHAKOS UNIVERSITY LIBRARY | Technical section | 30/09/2016 | Donation(BFA) | QA 67 .I58 1994 | 26281 | 11/07/2018 | 30/09/2016 | Hard Covered Materials |